Music Quiz

Random Music or Song Quiz

'00s Song Title Match Up II Quiz Stats

 Plays Quiz Updated May 25, 2018

Score 0/24 Timer 04:00
0 Plays Today
% Correct
Me, Myself,
97.3%
Party in
96.7%
Big Girls
96.4%
Get the Party
96%
A Thousand
95.5%
Drop it
95.4%
My Life Would
94.7%
Call Me When
94.3%
If I Were
93.8%
If Today Was
93.8%
What A Girl
93.6%
From The Bottom
92.9%
% Correct
Boom Boom
92.7%
Lady
92.5%
Sk8er
92.3%
Waiting on the
91.8%
When I
91.4%
You're
91.1%
Waking Up
89.7%
Black Horse and
84.5%
Beer For
82.4%
Independent Women
81.2%
Funny
78.6%
Pon de
76.9%

You're not logged in!

Compare scores with friends on all Sporcle quizzes.
OR
Log In

Sporcle TV

Today on Sporcle TV


Watch our educational content, quiz creation guides, and fun videos on Sporcle TV.

Show Comments

Extras

Top Quizzes Today


Score Distribution

Your Account Isn't Verified!

In order to create a playlist on Sporcle, you need to verify the email address you used during registration. Go to your Sporcle Settings to finish the process.

Report this User

Report this user for behavior that violates our Community Guidelines.

Details: